Statistics for All Brawl Stars Brawlers Quiz

Click here to take the quiz!

General Stats

  • This quiz has been taken 41 times
    (38 since last reset)
  • The average score is 40 of 52

Answer Stats

RarityBrawler% Correct
CommonShelly
97%
CommonNita
94%
CommonBo
91%
CommonBull
91%
CommonColt
91%
LegendaryCrow
91%
RareEl Primo
88%
LegendaryLeon
88%
Common8-Bit
84%
CommonEmz
84%
CommonJessie
84%
LegendarySpike
84%
CommonTick
84%
LegendaryAmber
81%
RareBarley
81%
CommonBrock
81%
CommonDynamike
81%
LegendaryMeg
81%
EpicPam
81%
Super RarePenny
81%
RarePoco
81%
Super RareRico
81%
RareRosa
81%
ChromaticSurge
81%
ChromaticColette
78%
EpicFrank
78%
ChromaticGale
78%
MythicMortis
78%
CommonStu
78%
MythicTara
78%
ChromaticBelle
75%
EpicEdgar
75%
EpicPiper
75%
LegendarySandy
75%
EpicBea
72%
MythicByron
72%
MythicGene
72%
Super RareJacky
72%
ChromaticLou
72%
EpicBibi
69%
Super RareCarl
69%
Super RareDarryl
69%
MythicMax
66%
EpicNani
66%
ChromaticColonel Ruffs
63%
ChromaticLola
63%
ChromaticBuzz
59%
EpicGriff
59%
MythicMr. P
59%
MythicSprout
59%
MythicSqueak
59%
ChromaticAsh
56%

Score Distribution

Percentile by Number Answered

Percent of People with Each Score

Your Score History

You have not taken this quiz since the last reset